000 00218 a2200097 4500
001 30833
100 _aSiddiqi, N
245 _aMuhsin-e-Insaniat
260 _aLahore
_bIslamic Publishers Ltd
_c
090 _c20730
_d20730
942 _aNUST-CAE
_cM
_c11926
999 _c265906
_d265906